000 00313nam a22001217a 4500
008 230704b xxu||||| |||| 00| 0 eng d
082 _25
_a342.42
_bSTU 1891
245 _aConstitutional History of England Stubbs
260 _bOxford University Press
_c1891
300 _aVIII,692p
440 _v1
942 _2ddc
_cBK
999 _c3593
_d3593